LEADER 01354nam a2200313 a 4500 001 000000138142 003 CaOOAMICUS 005 20140411105328.0 008 140411s2013 it u000 u ita r 020 $a978-88-372-2724-1 040 $aPUL$bita 082 04$a184 100 1 $aPalpacelli, Lucia.$0(OLS)http://pul/name/72223 245 10$aAristotele interprete di Platone :$banima e cosmo /$cLucia Palpacelli. 260 $aBrescia :$bMorcelliana,$c©2013. 300 $a696 p. ;$c21 cm 490 1 $aFilosofia. Testi e studi ;$v49 504 $aInclude riferimenti bibliografici e indice. 600 04$aPlato,$d427-347 a.C.$xCritica e interpretazione.$0(OLS)http://pul/subject/157 600 04$aAristoteles,$d384-322 a.C.$xFilosofia.$0(OLS)http://pul/subject/75 830 0$aFilosofia (Morcelliana)$pTesti e Studi ;$v49.$0(OLS)http://pul/title/148210 850 $aPUL 852 $aPUL$W1$xSL Filosofia 3$y81$m184 PALLU 1$j159258$qDDC 21$q $B158808$CPULBib$Z2$F158808 $H123826 $81 941 1 $a9 996 $6020$a978-88-372-2724-1$9(OLS)http://pul/number/155087 996 $6082$a184$9(OLS)http://pul/classification/184 996 $6245$aAristotele interprete di Platone :$banima e cosmo$9(OLS)http://pul/title/174903 996 $6260$aBrescia :$bMorcelliana$9(OLS)http://pul/publisher/47854 LEADER 01897nam a2200361 a 4500 001 000000174906 003 CaOOAMICUS 005 20220118131610.0 008 220118s2021 it a 000 u ita r 020 $a978-88-7105-472-8* 032 $aLibriCat 040 $aPUL$bita 100 1 $aBennati, Guido.$0(OLS)http://pul/name/112434 245 10$aGesù è la verità e la vita :$bil rapporto tra vita e verità in Tommaso d'Aquino e Pavel A. Florenskij / $cGuido Bennati ; prefazione Erio Castellucci. 260 $aRoma :$bPontificio Seminario Lombardo,$c©2021$aMilano :$bGlossa 300 $aXVI, 345 p. :$bill. ;$c24 cm 490 1 $aDissertatio.$aSeries Romana ;$v65 504 $aBibliografia in nota e alle p. 327-341 600 04$aThomas Aquinas,$cs.,$dc. 1225-1274$xTeologia.$0(OLS)http://pul/subject/9426 600 14$aFlorenskij, Pavel Aleksandrovic,$d1882-1937.$0(OLS)http://pul/subject/18012 650 4$aVerità$xAspetti religiosi.$0(OLS)http://pul/subject/33401 650 4$aVita$xAspetti religiosi.$0(OLS)http://pul/subject/46540 650 4$aTeologia fondamentale.$0(OLS)http://pul/subject/146 700 1 $aCastellucci, Erio,$cvescovo di Carpi,$d1960-$0(OLS)http://pul/name/54127 830 0$aDissertatio.$pSeries Romana ;$v65.$0(OLS)http://pul/title/39146 850 $aPUL 852 $aPUL$W1$xSL Diritto Canonico 1$y5$m148 I 65$j199215$qStampati$B203878$CPULBib$Z2$F203878 $H135337 $82 941 1 $a8 996 $6020$a978-88-7105-472-8*$9(OLS)http://pul/number/168442 996 $6245$aGesù è la verità e la vita :$bil rapporto tra vita e verità in Tommaso d'Aquino e Pavel A. Florenskij / $9(OLS)http://pul/title/216284 996 $6260$aRoma :$bPontificio Seminario Lombardo$9(OLS)http://pul/publisher/75656 996 $6260$aMilano :$bGlossa$9(OLS)http://pul/publisher/53656